Регионална библиотека "Любен Каравелов" - Русе

Един живот (Запис номер 91497)

MARC детайли
000 -Лидер
Контролно поле с фиксирана дължина 02002nam a2200445 c 4500
003 - Код на организацията, давaща контролен номер
Контролно поле BLK
005 - Дата и час на последна редакция
Контролно поле 20241009164737.0
008 - Елементи от данни с фиксирана дължина
fixed length control field 180408b bul|||||r ||||||| ||bul||
010 ## - Наследен системен номер
LC control number KNG00096254000
020 ## - Международен стандартен номер на книга ISBN
Международен стандартен номер на книга ISBN 978-954-28-0744-5
-- издат.: Сиела Софт енд Паблишинг
040 ## - Източник на каталожния запис
Идентификатор на билиотеката - собственик на записа BLK
041 ## - Код за език
Код за езика на текст/звукозапис или на отделно заглавие Български
Код за езика КДБФ Български
080 ## - УДК
Текстов определител УДК Българска литература
УДК код - определител по УДК 821.163.2
УДК определител -054.7(092)(093.3)
УДК - код + определител 821.163.2-054.7(092)(093.3)
080 ## - УДК
Текстов определител УДК Български изкуствовед и публицист
УДК код - определител по УДК 929 Увалиев, Петър Христов
УДК определител
УДК - код + определител 929 Увалиев, Петър Христов
100 1# - Редна дума - Автор
Автор Рув, Соня
Пълна форма на името Рув-Увалиева, Соня
R(LIN) 304433
139 ## - Редно поле
Редна дума Рув, Соня
Авторски знак Ув - У 19
245 10 - Сведения за заглавието
Заглавие Един живот
Подзаглавни данни Петър Увалиев или Пиер Рув
Редно поле (дума) * Соня Рув-Увалиева; Соня Рув; прев. от англ. Йордан Костурков.
257 ## - Страна на издаване
Страна на създаване/издаване Великобритания
260 ## - Област на издателските данни
-- София
Име на издателя, разпространителя и проч. Сиела Софт енд Паблишинг
Година на издаване 2010
300 ## - Физическа характеристика
Страници 544 с.
Илюстрации и др. със сн.
Размери/Мащаб 21 см
380 ## - Жанр
Жанр Худож. лит.
500 ## - Общи забележки
Забележка Ориг. загл. Petar Ouvaliev aka Pierre Rouve : A Life / Sonia Rouve.
600 14 - Име на лице, използвано като предмет
За него / За нея Увалиев, Петър Христов
9 (RLIN) 371329
650 #4 - Допълнително описание по предмет – тема
Основно описание – тема или топоним Увалиев, Петър Христов
9 (RLIN) 371329
650 #4 - Допълнително описание по предмет – тема
Основно описание – тема или топоним Публицисти, български - спомени
9 (RLIN) 286455
650 #4 - Допълнително описание по предмет – тема
Основно описание – тема или топоним Изкуствоведи
9 (RLIN) 156483
651 #4 - Допълнително описание по предмет - топоним
Географско понятие България
9 (RLIN) 241624
653 ## - Ключова дума – ненормативна
Ключова дума Петър Увалиев
653 ## - Ключова дума – ненормативна
Ключова дума публицисти
653 ## - Ключова дума – ненормативна
Ключова дума изкуствоведи
653 ## - Ключова дума – ненормативна
Ключова дума спомени
700 1# - Други автори (авторска отговорност)
Лично име Рув-Увалиева, Соня
Автороска отговорност (Описва отношението между автора и произведението) *
9 (RLIN) 117203
700 1# - Други автори (авторска отговорност)
Лично име Костурков, Йордан
Автороска отговорност (Описва отношението между автора и произведението) прев. от англ.
9 (RLIN) 364032
852 ## - Местоположение
Форматна сигнатура Цб 248196
856 4# - Електронен адрес и достъп
Електронен формат pdf - файл
Път до файла /url/
856 4# - Електронен адрес и достъп
Електронен формат pdf - файл
Път до файла /url/
942 ## - АРТИКУЛИ
Вид на библиотечния материал Книги
Скрит в OPAC Не
Koha issues (borrowed), all copies 4
944 ## - СЪЗДАВАНЕ И РЕДАКЦИЯ на ЗАПИСА
Създаване/Редакция Създаване
Дата на регистрацията/редакция 21.05.2010
Статус, дата на статуса Минев Младен
Служител, извършил регистрацията/редакцията 30530
944 ## - СЪЗДАВАНЕ И РЕДАКЦИЯ на ЗАПИСА
Създаване/Редакция Редакция
Дата на регистрацията/редакция 13.03.2014
Статус, дата на статуса ф /
Служител, извършил регистрацията/редакцията
999 ## - СИСТЕМНИ КОНТРОЛНИ НОМЕРА
Koha biblionumber 91497
Koha biblioitemnumber 91497
Наличности
Код за отписване Код за изгубен артикул Източник на класификационната схема Код за повреда Коз за рестрикции Код за отдаване Артикулен № Име на библиотеката - собственик Име на библиотеката, в която се намира в момента Статус (Текущо местоположение) Дата на вписване в системата Местоположение - отдел Цена в лева Инвентарен номер Систематично азбучна сигнатура Баркод Номер на екземпляра Цена в евро Служебна бележка Служебен тип на артикула
  Не е изгубен Universal Decimal Classification Не е повреден без рестрикции заемане за дома 147674 Регионална библиотека "Любен Каравелов" Русе Регионална библиотека "Любен Каравелов" Русе Заемна - подръчен фонд 2010-05-21 Заемна - подръчен фонд 20.00 120000744538 П 821.163.2.09(092)/У 19 120000744538 1 10.23 Дост: DA Вид: А N: 15 Дата: 21.05.2010 Дата инв: 07.02.2018 Бележки инв: П2018 Книги
  Не е изгубен Universal Decimal Classification Не е повреден без рестрикции заемане за дома 147675 Регионална библиотека "Любен Каравелов" Русе Регионална библиотека "Любен Каравелов" Русе Заемна - подръчен фонд 2014-03-11 Заемна - подръчен фонд 10.00 120000775376 П 821.163.2.09(092)/У 19 120000775376 2 5.11 Дост: Pk Вид: Ф N: 725 Дата: 03.03.2014 Дата инв: 07.02.2018 Бележки инв: П2018 Книги
Vip Innovations Ltd, Rousse, Bulgaria 2025